000 01977cam a2200409 i 4500
001 EDZ0000052719
003 StDuBDS
005 20161031105124.0
006 m||||||||d||||||||
007 cr |||||||||||
008 111202s2012 cau fo| 001|0|eng|d
020 _a9781452218595 (ebook) :
_cNo price
040 _aStDuBDS
_beng
_cStDuBDS
_erda
_epn
049 _aAlfaisal Main Library
050 0 _aRC552.P67
_bE534 2012
082 0 4 _a616.8521003
_223
245 0 0 _aEncyclopedia of trauma :
_ban interdisciplinary guide /
_ceditor, Charles R. Figley.
264 1 _aThousand Oaks, California :
_bSAGE Publications,
_c2012.
300 _a1 online resource (xxviii, 873 pages)
336 _atext
_2rdacontent
337 _acomputer
_2rdamedia
338 _aonline resource
_2rdacarrier
504 _aIncludes bibliographical references and index.
520 8 _aTrauma is defined as a sudden, potentially deadly experience, often leaving lasting, troubling memories. Traumatology (the study of trauma, its effects, and methods to modify effects) is exploding in terms of published works and expanding in terms of scope. This encyclopedia provides an up-to-date reference for the field, and includes understanding of the consequences of trauma for communities and organisations as well as individuals.
521 _aSpecialized.
588 _aDescription based on online resource; title from home page (viewed on December 15, 2014).
650 0 _aPost-traumatic stress disorder
_vEncyclopedias.
650 0 _aPost-traumatic stress disorder
_xSocial aspects
_vEncyclopedias.
650 0 _aPsychic trauma
_vEncyclopedias.
650 0 _aPsychic trauma
_xSocial aspects
_vEncyclopedias.
655 7 _aElectronic books.
_2local
700 1 _aFigley, Charles R.,
_d1944-
_eeditor.
710 2 _aSage eBooks
776 0 8 _iPrint version :
_z9781412978798
856 4 0 _uhttp://ezproxy.alfaisal.edu/login?url=http://sk.sagepub.com/reference/trauma
942 _2lcc
_cEBOOKS
999 _c479764
_d479764